El moto (Registro nro. 13832)

Detalles MARC
000 -Cabecera
Campo de control de longitud fija 00674nam a22002777a 4500
005 - Fecha y hora de la última transacción
Campo de control 20251008131533.0
008 - Elementos de longitud fija--Información general
Campo de control de longitud fija 251008b2001 |||||||| |||| 00| 0 spa d
020 ## - International Standard Book Number
Número Internacional Estándar del Libro (ISBN) 997794914X
041 ## - Idioma
Código de idioma Español
082 ## - Clasificación Decimal Dewey
Número de clasificación CR 863.4 G216m
100 ## - Entrada principal--Autor personal
Nombre personal García Monge, Joaquín
245 ## - Título propiamente dicho
Título El moto
260 ## - Pie de imprenta
Lugar de publicación, distribución, etc. Costa Rica
260 ## - Pie de imprenta
Nombre del editor, distribuidor, etc. Lehmann Editores
260 ## - Pie de imprenta
Fecha de publicación, distribución, etc. 2001
300 ## - Descripción física
Extensión 64 páginas
490 ## - Serie
Título de la Serie Temática General
650 ## - Materia general
Temática (materia general) NOVELA COSTARRICENSE
650 ## - Materia general
Temática (materia general) LITERATURA COSTARRICENSE
650 ## - Materia general
Temática (materia general) HUÉRFANO
650 ## - Materia general
Temática (materia general) AMOR IMPOSIBLE
650 ## - Materia general
Temática (materia general) CLASES SOCIALES
650 ## - Materia general
Temática (materia general) POBREZA
650 ## - Materia general
Temática (materia general) MATRIMONIO ARREGLADO
942 ## - Punto de acceso adicional KOHA
Fuente del sistema de clasificación o colocación Dewey Decimal Classification
Tipo de ítem KOHA Libro
Existencias
Signatura completa Código de barras Programa Académico Tipo de ítem
CR 863.4 G216m 2155 Temática General Libro